| 000 | 00765cam7a220024100 4500 | ||
|---|---|---|---|
| 001 | lce01019206 | ||
| 008 | 750612s1976 nyu b 001 0 eng | ||
| 010 | _a 75019229 | ||
| 020 | _a0471323802 | ||
| 035 | _a(Sirsi) r86359 | ||
| 035 | _a(DLC) 75019229 | ||
| 035 | _a(UPRA)lce01019206 | ||
| 050 | 0 |
_aQB809 _b.G67 |
|
| 082 | _a523.8/2 | ||
| 100 | 1 |
_aGray, David F., 1938- _dGray, David F., 1938- _6A45736.1 |
|
| 245 | 1 | 4 |
_aThe observation and analysis of stellar photospheres / _cDavid F. Gray. |
| 260 |
_aNew York : _bWiley, _cc1976. |
||
| 500 | _a"A Wiley-Interscience publication." | ||
| 504 | _aIncludes bibliographies and index. | ||
| 650 | 0 |
_aStellar photospheres. _6S35485.1 |
|
| 949 |
_aQB809 _wlcc _i-120027 _mMAIN _tBOOK _lON-SHELF |
||
| 004 | 86359 | ||
| 999 |
_c79280 _d79280 |
||